Los psicólogos hablan de psicología / (Record no. 45472)

MARC details
000 -LEADER
campo de control de longitud fija 00645nam a2200217 i 4500
001 - NÚMERO DE CONTROL
campo de control 45472
003 - IDENTIFICADOR DE NÚMERO DE CONTROL
campo de control ES-MaACL
005 - FECHA Y HORA DE LA ÚLTIMA TRANSACCIÓN
campo de control 20230906161225.0
007 - CAMPO FIJO DE DESCRIPCIÓN FÍSICA--INFORMACIÓN GENERAL
campo de control de longitud fija t|
008 - DATOS DE LONGITUD FIJA--INFORMACIÓN GENERAL
campo de control de longitud fija 030326s1980 sp ||||1| spa d
100 1# - ENTRADA PRINCIPAL--NOMBRE DE PERSONA
Nombre de persona Cohen, David.
9 (RLIN) 39488
245 14 - MENCIÓN DEL TÍTULO
Título Los psicólogos hablan de psicología /
Mención de responsabilidad, etc. David Cohen ; [traducción de Elena Ibañez y Angel Rodríguez].
260 ## - PUBLICACIÓN, DISTRIBUCIÓN, ETC.
Lugar de publicación, distribución, etc. Madrid :
Nombre del editor, distribuidor, etc. Cátedra,
Fecha de publicación, distribución, etc. [1980]
300 ## - DESCRIPCIÓN FÍSICA
Extensión 419 p. ;
Dimensiones 21 cm.
490 1# - MENCIÓN DE SERIE
Mención de serie Teorema
700 0# - ENTRADA AGREGADA--NOMBRE PERSONAL
Nombre de persona Ibáñez, Elena.
9 (RLIN) 64903
700 1# - ENTRADA AGREGADA--NOMBRE PERSONAL
Nombre de persona Rodríguez Luño, Ángel.
9 (RLIN) 98627
830 0# - PUNTO DE ACCESO ADICIONAL DE SERIE-TÍTULO UNIFORME
Título uniforme Teorema
9 (RLIN) 181356
852 ## - LOCALIZACIÓN
Ubicación ES-MaACL
Número de control de estantería L-585
Sublocalización o colección R.101360
Holdings
Estatus retirado Estado de pérdida Estado de daño No para préstamo Biblioteca de origen Biblioteca actual Ubicación en estantería Fecha de adquisición Fuente de adquisición Total de préstamos Signatura topográfica completa Código de barras Visto por última vez Precio de reemplazo Tipo de ítem Koha
        Biblioteca del Ateneo de Madrid Biblioteca del Ateneo de Madrid Depósito 2 17/01/2008     L-585 1047845 23/02/2023 23/02/2023 Libro impreso